| 000 | 01015nam a2200265 a 4500 | ||
|---|---|---|---|
| 003 | MX-MxUPN | ||
| 005 | 20260401103911.0 | ||
| 007 | cr |||aaaaaaa| | ||
| 008 | 260330s2024 ck| ||||o ||| 000 1 spa d | ||
| 020 | _a9786287760066 | ||
| 040 |
_aMX-MxUPN _bspa _eaacr2 |
||
| 041 | 0 | _aspa | |
| 050 | 1 | 4 | _aPQ8171 |
| 100 | 1 |
_aGarzón, José Domíngo, _d1961- _941274 |
|
| 245 | 1 | 0 |
_aElla (artículo femenino) : _bépica en escena teatral, lírica, visual y sonora, que incorpora la cantata para voz sola con acompañamiento de clavicémbalo Ariadna en Naxos, de Joseph Haydn _h[recurso electrónico en línea] |
| 250 | _aPrimera edición | ||
| 260 |
_aBogotá : _bUniversidad Pedagógica Nacional, _c2024 |
||
| 300 |
_a1 recurso en línea (74 páginas) : _bPDF |
||
| 490 | 0 | _aColección Artes para la educación. Serie Escénicas | |
| 506 | 0 | _aAcceso abierto | |
| 650 | 4 |
_aTeatro colombiano _926436 |
|
| 856 | 4 | 0 | _uhttp://hdl.handle.net/20.500.12209/20808 |
| 902 | _aJohanaAllegre/300326 | ||
| 942 |
_2lcc _cLIBRO-E |
||
| 999 |
_c214909 _d214909 |
||